Masked Singer UK masks - Statistics

General Stats
  • This quiz has been taken 69 times
  • The average score is 35 of 60
Answer Stats
Answer % Correct
Mushroom
79%
Queen Bee
79%
Panda
76%
Sausage
76%
Badger
69%
Fox
69%
Hedgehog
69%
Jellyfish
69%
Poodle
69%
Rhino
69%
Robobunny
69%
Butterfly
66%
Fawn
66%
Harlequin
66%
Phoenix
66%
Robin
66%
Traffic Cone
66%
Tree
66%
Grandfather Clock
62%
Jacket potato
62%
Knitting
62%
Monster
62%
Octopus
62%
Rubbish
62%
Snow Leopard
62%
Unicorn
62%
Bagpipes
59%
Duck
59%
Firework
59%
Piranha
59%
Rockhopper
59%
Swan
59%
Viking
59%
Alien
55%
Bigfoot
55%
Bush Baby
55%
Chandelier
55%
Cricket
55%
Daisy
55%
Dragon
55%
Ghost
55%
Lionfish
55%
Pharaoh
55%
Pigeon
55%
Seahorse
55%
Cat and Mouse
52%
Chameleon
52%
Maypole
52%
Otter
52%
Piece of Cake
52%
Blob
48%
Eiffel Tower
48%
Rat
48%
Air Fryer
45%
Doughnuts
45%
Weather
45%
Bubble Tea
41%
Dippy Egg
41%
Owl
41%
Chicken Caesar
34%
No matching quizzes found
Score Distribution
Percent of People with Each Score
Percentile by Number Answered
Your Score History
You have not taken this quiz